<?xml version="1.0" encoding="UTF-8"?>
<record
    xmlns:xsi="http://www.w3.org/2001/XMLSchema-instance"
    xsi:schemaLocation="http://www.loc.gov/MARC21/slim http://www.loc.gov/standards/marcxml/schema/MARC21slim.xsd"
    xmlns="http://www.loc.gov/MARC21/slim">

  <leader>01086nam a2200229 i 4500</leader>
  <controlfield tag="001">137008</controlfield>
  <controlfield tag="003">ES-MaACL</controlfield>
  <controlfield tag="005">20230906195303.0</controlfield>
  <controlfield tag="007">t|</controlfield>
  <controlfield tag="008">070214s1916    fr      r    ||||1| fre d</controlfield>
  <datafield tag="245" ind1="0" ind2="3">
    <subfield code="a">L' Italie et la guerre d'apres les temoignages de ses hommes d'Etat / </subfield>
    <subfield code="c">Salandra... [et al.] ; preface de M. Henri Hauvette.</subfield>
  </datafield>
  <datafield tag="260" ind1=" " ind2=" ">
    <subfield code="a">Paris : </subfield>
    <subfield code="b">A. Colin, </subfield>
    <subfield code="c">1916.</subfield>
  </datafield>
  <datafield tag="300" ind1=" " ind2=" ">
    <subfield code="a">XIII, 144 p. ; </subfield>
    <subfield code="c">19 x 12 cm.</subfield>
  </datafield>
  <datafield tag="500" ind1=" " ind2=" ">
    <subfield code="a">Contiene: Notre guerre est une guerre sainte / par A. Salandra ---- Pour l'anniversaire de Solf&#xE9;rino / par T. Tittoni ---- La victoire suivra nos drapeaux / par S. Barzila&#xEF; ---- Les caract&#xE8;res de notre guerre / par V. E. Orlando ---- A la Chambre des D&#xE9;put&#xE9;s italienne / par S. Sonnino ---- Aux f&#xEA;tes franco-italiennes de Nice / par T. Tittoni.</subfield>
  </datafield>
  <datafield tag="700" ind1="1" ind2=" ">
    <subfield code="a">Salandra, Antonio.</subfield>
    <subfield code="9">101711</subfield>
  </datafield>
  <datafield tag="700" ind1="1" ind2=" ">
    <subfield code="a">Tittoni, Tommaso.</subfield>
    <subfield code="9">110351</subfield>
  </datafield>
  <datafield tag="700" ind1="1" ind2=" ">
    <subfield code="a">Barzilai, Salvatore.</subfield>
    <subfield code="9">26221</subfield>
  </datafield>
  <datafield tag="700" ind1="0" ind2=" ">
    <subfield code="a">Orlando, Vittorio Emanuelle.</subfield>
    <subfield code="9">87283</subfield>
  </datafield>
  <datafield tag="700" ind1="1" ind2=" ">
    <subfield code="a">Sonnino, Sidney.</subfield>
    <subfield code="9">107303</subfield>
  </datafield>
  <datafield tag="700" ind1="1" ind2=" ">
    <subfield code="a">Hauvette, Henri.</subfield>
    <subfield code="9">62136</subfield>
  </datafield>
  <datafield tag="852" ind1=" " ind2=" ">
    <subfield code="a">ES-MaACL</subfield>
    <subfield code="j">D-4210</subfield>
  </datafield>
  <datafield tag="999" ind1=" " ind2=" ">
    <subfield code="c">137008</subfield>
    <subfield code="d">137008</subfield>
  </datafield>
  <datafield tag="952" ind1=" " ind2=" ">
    <subfield code="0">0</subfield>
    <subfield code="1">0</subfield>
    <subfield code="4">0</subfield>
    <subfield code="7">0</subfield>
    <subfield code="a">ATENEOM</subfield>
    <subfield code="b">ATENEOM</subfield>
    <subfield code="c">SVI</subfield>
    <subfield code="d">2008-01-17</subfield>
    <subfield code="e">SC</subfield>
    <subfield code="l">0</subfield>
    <subfield code="o">D-4210</subfield>
    <subfield code="p">901142580</subfield>
    <subfield code="r">2023-02-23 00:00:00</subfield>
    <subfield code="w">2023-02-23</subfield>
    <subfield code="y">MONOGRAFIA</subfield>
  </datafield>
</record>
